LEADER 00708nam0 2200241 450 001 000004029 005 20050630120100.0 010 $a88-430-2115-X 100 $a--------d2002----km-y0itay50------ba 101 $aita 102 $aIT 200 1 $aStoria dell'integrazione europea$fLeonardo Rapone 210 $aRoma$cCarocci$d2002c 215 $a127 p.$d21 cm 225 2 $aLe bussole$iStudi storici$v38 410 0$12001$aLe bussole 610 1 $aComunità economica europea 700 1$aRapone,$bLeonardo$0141749 801 0$aIT $bUNIPARTHENOPE $gRICA $2UNIMARC 912 $a000004029 951 $cNAVA2$a424/138$b9772$d20020621 996 $aStoria dell'integrazione europea$9692697 997 $aUNIPARTHENOPE